| 000 | 01004nam a22002297a 4500 | ||
|---|---|---|---|
| 999 |
_c1001 _d1001 |
||
| 003 | AR-CdUCM | ||
| 008 | 190226b ||||| |||| 00| 0 spa d | ||
| 020 | _a997297202x | ||
| 040 |
_aMUNICIPALIDAD PROVINCIAL DEL CUSCO _cBIBLIOTECA MUNICIPAL DEL CUSCO |
||
| 082 |
_a352.283 / _bD71 |
||
| 100 |
_aDiez Hurtado, Alejandro _93894 |
||
| 245 |
_aÉlites y poderes locales : _bSociedades regionales ante la descentralización / _bLos casos de Puno y Ayacucho / |
||
| 260 |
_aLima : _bDFID; _c2003. |
||
| 300 |
_a158 paginas ; _c24 cm. |
||
| 505 | _aLa movilización política ascendente y sus limites sociales -- El ámbito ayacuchano y sus procesos contemporáneos -- Grupos de interés y proyectos de desarrollo en Ayacucho -- Reflexiones sobre la cultura política y las élites en Puno -- Las elecciones del 2002 ... | ||
| 650 |
_aRegionalización _93473 |
||
| 650 |
_aDescentralización _93895 |
||
| 650 |
_aAyacucho _93896 |
||
| 650 |
_aPuno _93897 |
||
| 942 |
_2ddc _cLIBROS |
||
| 945 |
_arum _d2019-02-26 |
||